Tharjama: Sidhantavum Prayogavum Malayalathil (Record no. 55892)

MARC details
000 -LEADER
fixed length control field 00463nam a2200133Ia 4500
008 - FIXED-LENGTH DATA ELEMENTS--GENERAL INFORMATION
fixed length control field 211109s9999||||xx |||||||||||||| ||und||
082 ## - DEWEY DECIMAL CLASSIFICATION NUMBER
Classification number 894.812
Item number JAY-T
100 ## - MAIN ENTRY--PERSONAL NAME
Personal name Jayasukumaran,
245 #0 - TITLE STATEMENT
Title Tharjama: Sidhantavum Prayogavum Malayalathil
260 ## - PUBLICATION, DISTRIBUTION, ETC.
Name of publisher, distributor, etc. Thapasam
Place of publication, distribution, etc. Delhi
Date of publication, distribution, etc. 1997
630 ## - SUBJECT ADDED ENTRY--UNIFORM TITLE
General subdivision General Stack
650 ## - SUBJECT ADDED ENTRY--TOPICAL TERM
Topical term or geographic name entry element Literature & rhetoric
942 ## - ADDED ENTRY ELEMENTS (KOHA)
Koha item type BOOK
650 ## - SUBJECT ADDED ENTRY--TOPICAL TERM
Form subdivision Literatures of other languages
General subdivision Altaic, Uralic, Hyperborean & Dravidianmalayalam literature Generalia
Holdings
Withdrawn status Lost status Damaged status Not for loan Home library Current library Date acquired Cost, normal purchase price Total Checkouts Full call number Barcode Shelving location Date last seen Date last checked out Price effective from Koha item type
        SB LIBRARY SB LIBRARY 09/11/2021 100.00 8 894.812 JAY-T 00098631 GENERAL STACK 25/03/2025 10/03/2025 09/11/2021 BOOK

Powered by Koha